| 000 | 00551nam a2200193 u 4500 | ||
|---|---|---|---|
| 005 | 20240213064450.0 | ||
| 008 | 120130s1999 r 000 0 eng d | ||
| 020 | _a9687748532 | ||
| 035 | _aUPN01000183177 | ||
| 049 | _aCG | ||
| 050 | 4 |
_aPN6071 S3.3 _bH6.7 |
|
| 245 | 0 | 0 |
_aHorizontes probables / _cselec. y pról. de Vladimir Hernández. |
| 260 |
_aMéxico : _bLectorum, _c1999. |
||
| 300 | _a202 p. | ||
| 440 | 0 | _aMarea alta | |
| 650 | 4 |
_aCiencia ficción _vCuentos y leyendas _913121 |
|
| 700 | 1 |
_aHernández, Vladimir, _ecomp. |
|
| 905 | _aLibro | ||
| 999 |
_c155280 _d155280 |
||